| 000 | 005950000a22001810004500 | ||
|---|---|---|---|
| 003 | MACL | ||
| 005 | 20160529162048.0 | ||
| 008 | 160529b xxu||||| |||| 00| 0 eng d | ||
| 040 |
_aMACL _cMACL |
||
| 041 | _aHindi | ||
| 082 | _a891.437 | ||
| 100 |
_aचतुर्वेदी, ज्ञान _942780 |
||
| 245 |
_aप्रत्यंचा _cज्ञान चतुर्वेदी |
||
| 260 |
_aनई दिल्ली _bभारतीय ज्ञानपीठ _c2010 |
||
| 350 | _a250 | ||
| 650 |
_aव्यंग्य _960886 |
||
| 942 |
_cHIN _k891.437 _2ddc |
||
| 999 |
_c48172 _d48172 |
||